| 000 | 00603nam a22001817a 4500 | ||
|---|---|---|---|
| 005 | 20251108172529.0 | ||
| 008 | 250721s1997 xx 000 0 ara d | ||
| 082 | 1 | 4 | _a371.46/شحي |
| 100 | 1 | _aشحيمي، محمد | |
| 245 | 1 | 0 | _aالإرشاد النفسي التربوي , الإجتماعي لدى الأطفال / |
| 264 | 1 |
_aبيروت : _bدار الفكر اللبناني، _c1997. |
|
| 300 | _a287 ص. | ||
| 650 | 1 | 7 | _aالإرشاد النفسي |
| 650 | 1 | 7 | _aالإرشاد النفسي الجماعي |
| 650 | 1 | 7 | _aالتوجيهالتربوي |
| 942 |
_2ddc _cBK |
||
| 999 |
_c81730 _d81730 |
||